| 000 -ლიდერი |
| ფიქსირებული სიგრძის საკონტროლო ველი |
01001nam a22001937a 4500 |
| 003 - საკონტროლო ნომრის იდენტიფიკატორი |
| საკონტროლო ველი |
Ge_BSU |
| 005 - ბოლო ოპერაციის თარიღი და დრო |
| საკონტროლო ველი |
20251023165800.0 |
| 008 - ფიქსირებული სიგრძის მონაცემთა ელემენტები - ზოგადი ინფორმაცია |
| ფიქსირებული სიგრძის საკონტროლო ველი |
251020s2025 ge ||||| |||| 00| 0 geo d |
| 041 ## - ენის კოდი |
| Language code of text/sound track or separate title |
geo |
| 080 ## - უნივერსალური ათობითი კლასიფიკაციის ინდექსი |
| Universal Decimal Classification number |
821.353.1-092 ფ-95 |
| 245 ## - ცნობა სათაურის შესახებ |
| Title |
ვაჟა-ფშაველა / |
| Statement of responsibility, etc |
იდეის ავტორი ვახტანგ ვეფხვაძე; რედაქტორი ა. მორჩილაძე; შემდგ. ნ. ფრუიძე; მხატვ. გ. ზირაქიშვილი. |
| 264 ## - წარმოების, გამოცემის, დისტრიბუციის და სხვა ცნობები |
| გამოცემის, წარმოების, დისტრიბუციის... ადგილი |
თბილისი, |
| გამოცემის, წარმოების, დისტრიბუციის... თარიღი |
2025. |
| 300 ## - ფიზიკური აღწერა |
| Extent |
384 გვ.; |
| Dimensions |
22 სმ. |
| 700 ## - ADDED ENTRY--PERSONAL NAME |
| Personal name |
ვეფხვაძე, ვახტანგ |
| Relator term |
იდეის ავტორი |
| 9 (RLIN) |
26079 |
| 700 ## - ADDED ENTRY--PERSONAL NAME |
| Personal name |
მორჩილაძე, ა. |
| Relator term |
რედაქტორი |
| 9 (RLIN) |
26080 |
| 700 ## - ADDED ENTRY--PERSONAL NAME |
| Personal name |
ფრუიძე, ნ. |
| Relator term |
შემდგენელი |
| 9 (RLIN) |
24372 |
| 700 ## - ADDED ENTRY--PERSONAL NAME |
| Personal name |
ზირაქიშვილი, გ. |
| Relator term |
მხატვარი |
| 9 (RLIN) |
26081 |
| 942 ## - ADDED ENTRY ELEMENTS (KOHA) |
| Source of classification or shelving scheme |
|
| Koha item type |
წიგნი |